书目信息 |
| 题名: |
穿越死亡
|
|
| 作者: | 桑德斯 , Sanders 著 ;王薇 译 | |
| 分册: | ||
| 出版信息: | 北京 中国城市出版社 2003.02 |
|
| 页数: | 231页 | |
| 开本: | 20cm | |
| 丛书名: | 亲历死亡丛书 | |
| 单 册: | ||
| 中图分类: | I516.55 | |
| 科图分类: | ||
| 主题词: | 回忆录--德国--现代--选集 , CT--S034190--回忆录 | |
| 电子资源: | ||
| ISBN: | 7-5074-1467-1 | |
| 000 | 01125oam2 2200325 450 | |
| 001 | 002296666 | |
| 005 | 20070914155335.61 | |
| 010 | @a7-5074-1467-1@dCNY14.00 | |
| 100 | @a20030130d2003 em y0chiy0110 ea | |
| 101 | 1 | @achi@cger |
| 102 | @aCN@b110000 | |
| 105 | @ay z 000ya | |
| 200 | 1 | @a穿越死亡@AChuan Yue Si Wang@e一位癌症患者的康复手记@f(德)玛丽亚·桑德斯(Maria Sanders)著@F( De ) Ma Li Ya· Sang De Si (Maria Sanders) Zhu@g王薇译 |
| 210 | @a北京@c中国城市出版社@d2003.02 | |
| 215 | @a231页@d20cm | |
| 225 | 2 | @a亲历死亡丛书 |
| 330 | @a作者用自己的亲身经历,引领患者走出关于癌症的心理误区,走向康复的新生之路。 | |
| 410 | 0 | @12001 @a亲历死亡丛书 |
| 510 | 1 | @aLeben-Ich Hatte Krebs und Wurde Gesund@zeng |
| 517 | 1 | @a一位癌症患者的康复手记@AYi Wei Ai Zheng Huan Zhe De Kang Fu Shou Ji |
| 606 | 0 | @a回忆录@y德国@z现代@j选集 |
| 606 | 0 | @2CT@3S034190@a回忆录 |
| 610 | 0 | @a癌症 |
| 690 | @aI516.55@v4 | |
| 701 | 1 | @a桑德斯@ASang De Si@bM.@4著 |
| 701 | 1 | @aSanders@bMaria@4著 |
| 702 | 0 | @a王薇@AWang Wei@4译 |
| 801 | 0 | @aCN@bNLC@c20070914 |
| 905 | @aBZT@dI516.55@e4 | |
| 906 | @dCNY14.00@n0@r1 | |
| 穿越死亡:一位癌症患者的康复手记/(德)玛丽亚·桑德斯(Maria Sanders)著/王薇译.-北京:中国城市出版社,2003.02 |
| 231页;20cm.-(亲历死亡丛书) |
| ISBN 7-5074-1467-1:CNY14.00 |
| 作者用自己的亲身经历,引领患者走出关于癌症的心理误区,走向康复的新生之路。 |
| ● |
| 相关链接 |
|
|
|
正题名:穿越死亡
索取号:I516.55/4
 
预约/预借
| 序号 | 登录号 | 条形码 | 馆藏地/架位号 | 状态 | 备注 |
| 1 | 579722 | 230154132 | 中心书库中库/打包BH0182/ [索取号:I516.55/4] | 在馆 | |
| 2 | 579723 | 230154131 | 中心书库中库/打包BH0182/ [索取号:I516.55/4] | 在馆 | |
| 3 | 579724 | 230154130 | 中心书库中库/打包BH0182/ [索取号:I516.55/4] | 在馆 | |
| 4 | 579725 | 230154129 | 中心书库中库/打包BH0182/ [索取号:I516.55/4] | 在馆 | |
| 5 | 579726 | 230154128 | 中心书库中库/打包BH0182/ [索取号:I516.55/4] | 在馆 |